000
00274nam a2200133Ia 4500
100
_a
Churchill/ S/C.
942
_c
BK
654
_a
Soldering
245
_a
Soldering
260
_b
Machinery Publication & co
_c
2001
082
_a
671.5
300
_a
147
546
_a
ENGLISH
999
_c
26506
_d
26506